000 00292nam a22001337a 4500
008 181224b xxu||||| |||| 00| 0 eng d
020 _a9780030759611
041 _aeng
080 _a540
100 _a12
101 _aKIM
245 _aModern Chemistry
_cTzimopoulos,N.D
942 _2udc
_cBK
999 _c53730
_d53730